平成に2回以上合併をした市町村 - Statistics

General Stats
  • This quiz has been taken 58 times
  • The average score is 38 of 52
Answer Stats
都道府県 1度目の合併 2度目の合併 3度目の合併 回答 % Correct
岩手県 1992/04/01 2006/01/10 - 盛岡市
87%
埼玉県 2001/05/01 2005/04/01 - さいたま市
87%
岩手県 2005/09/20 2011/09/26 - 一関市
84%
新潟県 2001/01/01 2005/03/21 2005/10/10 新潟市
84%
群馬県 2004/12/05 2009/05/05 - 前橋市
82%
新潟県 2005/04/01 2006/01/01 2010/03/31 長岡市
82%
長野県 2005/01/01 2010/01/01 - 長野市
82%
長野県 2005/04/01 2010/03/31 - 松本市
82%
福島県 2004/11/01 2005/11/01 - 会津若松市
80%
群馬県 2006/01/23 2006/10/01 2009/06/01 高崎市
80%
神奈川県 2006/03/20 2007/03/11 - 相模原市
80%
静岡県 2003/04/01 2006/03/31 2008/11/01 静岡市
80%
静岡県 1991/05/01 2005/07/01 - 浜松市
80%
島根県 2005/03/31 2011/08/01 - 松江市
80%
岡山県 2005/03/22 2007/01/22 - 岡山市
80%
栃木県 2010/03/29 2011/10/01 2014/04/05 栃木市
78%
長野県 1993/07/01 2005/10/01 - 飯田市
78%
広島県 2003/02/03 2005/02/01 2006/03/01 福山市
78%
山口県 2005/10/01 2010/01/16 - 山口市
78%
熊本県 1991/02/01 2008/10/06 2010/03/23 熊本市
78%
宮城県 2006/03/31 2009/09/01 - 気仙沼市
76%
茨城県 1992/03/03 2005/02/01 - 水戸市
76%
新潟県 2003/07/07 2005/05/01 - 新発田市
76%
山梨県 2004/11/01 2006/03/15 - 北杜市
76%
香川県 2005/09/26 2006/01/10 - 高松市
76%
高知県 2005/01/01 2008/01/01 - 高知市
76%
佐賀県 2005/10/01 2007/10/01 佐賀市
76%
長崎県 2005/01/04 2006/01/04 - 長崎市
76%
宮崎県 2006/01/01 2010/03/23 - 宮崎市
76%
島根県 2005/03/22 2011/10/01 - 出雲市
75%
広島県 2003/04/01 2004/04/01 2005/03/20 呉市
75%
長崎県 2005/04/01 2006/03/31 2010/03/31 佐世保市
75%
岩手県 2005/06/06 2010/01/01 - 宮古市
73%
広島県 2005/03/28 2006/01/10 - 尾道市
73%
佐賀県 2005/01/01 2006/01/01 唐津市
73%
埼玉県 2005/10/01 2007/02/13 - 熊谷市
71%
新潟県 2004/11/01 2005/10/01 - 南魚沼市
71%
滋賀県 2005/02/11 2006/01/01 - 東近江市
71%
広島県 2003/03/01 2005/11/03 - 廿日市市
71%
宮崎県 2006/02/20 2007/03/31 - 延岡市
71%
滋賀県 2006/02/13 2010/01/01 - 長浜市
69%
滋賀県 2005/02/14 2005/10/01 - 米原市
69%
山梨県 2004/10/12 2006/08/01 - 笛吹市
67%
山梨県 2003/11/15 2006/03/01 - 富士河口湖町
65%
愛知県 2003/08/20 2005/10/01 - 田原市
64%
福岡県 2006/10/01 2010/02/01 - 八女市
64%
宮崎県 2006/03/20 2010/03/23 小林市
64%
静岡県 2005/05/05 2008/04/01 - 島田市
62%
愛知県 2006/02/01 2008/01/15 2010/02/01 豊川市
62%
福岡県 2003/04/01 2005/03/28 - 宗像市
51%
愛知県 2005/07/07 2009/10/01 - 清須市
47%
長野県 2006/01/01 2009/03/31 - 阿智村
42%
No matching quizzes found
Score Distribution
Percent of People with Each Score
Percentile by Number Answered
Your Score History
You have not taken this quiz